000 00771nam a22001937a 4500
003 OSt
005 20250911164332.0
008 240222b ||||| |||| 00| 0 eng d
040 _c0
082 _aDPer 621.317 Ie21 May 2022 v. 37 n. 5
100 _aMin, Jun.
_eauthor.
_952983
245 _aUnified bidirectional resonant frequency tracking for CLLC converters /
_cJun Min and Martin Ordonez.
260 _aNew York ;
_bThe Institute of Electrical and Electronics Engineers, Inc. ,
_cMay 2022.
300 _aVolume 37, pages 5637-5649 :
_billustration ;
_c28 cm.
500 _aIEEE Transactions on Power Electronics, vol. 37, no. 5, pages 5637-5649, May 2022.
700 _aMin, Jun.
_eauthor.
_952983
700 _aOrdonez, Martin.
_eauthor.
_952984
942 _2ddc
_cPER
999 _c19278
_d19278